| 000 | 00390nam a22001697a 4500 | ||
|---|---|---|---|
| 005 | 20260408155830.0 | ||
| 008 | 160627b xxu||||| |||| 00| 0 eng d | ||
| 020 | _a81-7167-561-1 | ||
| 041 | _aeng | ||
| 082 | _a813.4 | ||
| 100 | _aTwain, Mark | ||
| 245 | _aThe Prince and the Pauper | ||
| 260 |
_bRupa Clasics _c2004 |
||
| 300 | _a255 | ||
| 650 |
_aAmerican fiction _98938 |
||
| 942 | _cBK | ||
| 999 |
_c4297 _d4296 |
||